Rozwoj firm opartych na nowej technice w Wielkiej Brytanii i Niemczech.

Rozvoj firiem opierajúcich sa o novú techniku typu vo V. Británii a SRN v r. 1950-1985. Široké spektrum ich novej techniky od polovodičov po mikroprocesory. Vznik firiem, ich organizačný životný cyklus a rozvoj. Štyri hlavné podmienky úspechu.

Salvato in:
Dettagli Bibliografici
Autore principale: Jasinski, A.H
Natura: Capitolo di libro
Lingua:polacco
Soggetti:
Tags: Aggiungi Tag
Nessun Tag, puoi essere il primo ad aggiungerne!!

MARC

LEADER 00000naa a2200000 4500
001 r006267
005 20221125122614.8
041 0 |a pol 
044 |a PL 
245 1 0 |a Rozwoj firm opartych na nowej technice w Wielkiej Brytanii i Niemczech.  |c A.H. Jasinski 
520 |a Rozvoj firiem opierajúcich sa o novú techniku typu vo V. Británii a SRN v r. 1950-1985. Široké spektrum ich novej techniky od polovodičov po mikroprocesory. Vznik firiem, ich organizačný životný cyklus a rozvoj. Štyri hlavné podmienky úspechu. 
610 2 0 |a firmy 
610 2 0 |a technika nová 
610 2 0 |a Veľká Británia 
610 2 0 |a Nemecko 
610 2 0 |a technológie nové 
610 2 0 |a mikroprocesory 
100 1 |a Jasinski, A.H.